000
00330nam a2200145Ia 4500
005
20251020182613.0
008
200515s9999 xx 000 0 und d
082
_a
SC/69/M38
100
_a
MEIER, Hans W
245
0
_a
Construction Specification Hand
260
_a
s.c.
260
_c
19??
650
_a
CONSTRUCTION
942
_c
LIB
999
_c
3426
_d
3426